|
|
|
|
| LEADER |
00000nab a2200000u 4500 |
| 001 |
vtls011881010 |
| 003 |
SK-MaSNL |
| 005 |
20260303100349.0 |
| 008 |
190809|20190809xo ||||||| || ||slo| |
| 038 |
|
|
|a KEVKJB
|
| 040 |
|
|
|a KEVKJB
|b slo
|e rda
|
| 041 |
0 |
|
|a slo
|
| 043 |
|
|
|a e-xo---
|
| 044 |
|
|
|a xo
|c SK
|
| 072 |
|
7 |
|a 352/354
|x Stupne miestnej, oblastnej a ústrednej správy
|2 konspekt
|
| 080 |
|
|
|a 352.075.51
|2 2011
|
| 100 |
1 |
|
|a Ogurčáková, Jana
|4 aut
|9 835010
|
| 245 |
1 |
0 |
|a Referentka úraduje na lavičke. Starosta Cestíc ju nechce pustiť do kancelárie
|b Kaliňák: Touto raritou sa zapíšu do dejín samosprávy
|c Jana Ogurčáková
|
| 300 |
|
|
|b Fotografie
|
| 336 |
|
|
|a text
|b txt
|2 rdacontent
|
| 337 |
|
|
|a bez média
|b n
|2 rdamedia
|
| 338 |
|
|
|a zväzok
|b nc
|2 rdacarrier
|
| 650 |
0 |
7 |
|a starostovia
|2 kevkjb
|9 29670
|
| 650 |
0 |
7 |
|a pracovné spory
|2 kevkjb
|9 49963
|
| 651 |
|
7 |
|a Cestice (Slovensko)
|2 kevkjb
|9 31703
|
| 651 |
|
7 |
|a Košice-okolie (Slovensko : okres)
|2 kevkjb
|9 146743
|
| 773 |
0 |
|
|t Korzár
|g Roč. XXII., č. 184 (9.8.2019), s. 3
|x 2585-7355
|
| 852 |
|
|
|a KEVKJB
|b KIS3GCP
|
| 856 |
4 |
1 |
|u https://kosice.korzar.sme.sk/c/22183974/referentka-uraduje-na-lavicke-starosta-ju-nechce-pustit-do-uradu.html#storm_gallery_134719
|
| 999 |
|
|
|c 1832829
|d 1834759
|